000 00429 a2200169 4500
001 189625
020 _a
040 _cMagnum
100 _aArreguy, Cintia Aparecida Chagas
240 1 0 _aBelo horizonte: livro do professor
_lpor
245 1 0 _aBelo horizonte: livro do professor
300 _a19
362 0 _a2008
440 1 _aArquivo Público da Cidade de Belo Horizonte
697 _aHISTÓRIA DO BRASIL
942 _cBK
999 _c189625
_d189625